Distortions, infrastructure, and female labor supply in developing countries (Registro nro. 48454)
[ vista simple ]
| 000 -CABECERA | |
|---|---|
| Longitud fija campo de control | 01018naa a2200277 c 4500 |
| 001 - NÚMERO DE CONTROL | |
| Número de control | 48454 |
| 003 - IDENTIFICADOR DE NÚMERO DE CONTROL | |
| Identificador del número de control | ES-MaCES |
| 005 - FECHA Y HORA DE LA ÚLTIMA TRANSACCIÓN | |
| Fecha y hora de la última transacción | 20161027131125.0 |
| 008 - CAMPO FIJO DE DESCRIPCIÓN FIJA--INFORMACIÓN GENERAL | |
| Códigos de información de longitud fija | 161027s2016 ne ||||| t||||||| ||eng d |
| 040 ## - FUENTE DE CATALOGACIÓN | |
| Centro catalogador de origen | ES-MaCES |
| Lengua de catalogación | spa |
| Centro transcriptor | ES-MaCES |
| Centro modificado | ES-MaCES |
| 100 1# - ENCABEZAMIENTO PRINCIPAL--NOMBRE PERSONAL | |
| 9 (RLIN) | 37471 |
| Nombre de persona | Cubas, German |
| 245 10 - MENCIÓN DE TÍTULO | |
| Título | Distortions, infrastructure, and female labor supply in developing countries |
| Mención de responsabilidad, etc. | German Cubas |
| 500 ## - NOTA GENERAL | |
| Nota general | Resumen |
| 504 ## - NOTA DE BIBLIOGRAFÍA, ETC. | |
| Nota de bibliografía, etc. | Bibliografía: p. 214-215 |
| 650 #4 - ASIENTO SECUNDARIO DE MATERIA--TÉRMINO DE MATERIA | |
| 9 (RLIN) | 28657 |
| Término de materia o nombre geográfico como elemento inicial | mujeres |
| 650 #4 - ASIENTO SECUNDARIO DE MATERIA--TÉRMINO DE MATERIA | |
| 9 (RLIN) | 28413 |
| Término de materia o nombre geográfico como elemento inicial | trabajadora |
| 650 #4 - ASIENTO SECUNDARIO DE MATERIA--TÉRMINO DE MATERIA | |
| 9 (RLIN) | 30663 |
| Término de materia o nombre geográfico como elemento inicial | participación de la mujer en el desarrollo |
| 650 #4 - ASIENTO SECUNDARIO DE MATERIA--TÉRMINO DE MATERIA | |
| 9 (RLIN) | 27318 |
| Término de materia o nombre geográfico como elemento inicial | familia |
| 650 #4 - ASIENTO SECUNDARIO DE MATERIA--TÉRMINO DE MATERIA | |
| 9 (RLIN) | 30031 |
| Término de materia o nombre geográfico como elemento inicial | ingreso de los hogares |
| 650 #4 - ASIENTO SECUNDARIO DE MATERIA--TÉRMINO DE MATERIA | |
| 9 (RLIN) | 27073 |
| Término de materia o nombre geográfico como elemento inicial | indicador económico |
| 650 #4 - ASIENTO SECUNDARIO DE MATERIA--TÉRMINO DE MATERIA | |
| 9 (RLIN) | 27074 |
| Término de materia o nombre geográfico como elemento inicial | modelo económico |
| 653 10 - TÉRMINO DE INDEXACIÓN--NO CONTROLADO | |
| Término no controlado | Mujer |
| 773 0# - ENTRADA DE DOCUMENTO FUENTE | |
| Itemnumber del ítem fuente | 85186 |
| Lugar, editor y fecha de publicación | Amsterdam (P.O. Box 211, 1000 AE) Elsevier Science |
| Otro identificador del documento | 088084 |
| Título | European economic review |
| Número de control del registro relacionado | (ES-MaCES)25173 |
| Parte(s) relacionada(s) | vol. 87 (Aug. 2016) {10156 R. 088084} ;p. 194-215 |
| 902 ## - CES. TIPO DE DOCUMENTO | |
| Tipodoc (006$c Sirtex) | ART Artículo de revista |
| 942 ## - ELEMENTOS KOHA | |
| Fuente de clasificaión o esquema | Clasificación propia del CES |
| Koha [por defecto] tipo de item | Artículos (1982-2017) |
| Parte de clasificación | Asuntos Sociales |
No hay ítems disponibles.
